00283nam a2200121Ia 45000030006000000080041000060400015000471000020000622450030000822600020001125460012001320050017001440STCL150530s9999 xx 000 0 und d aSTCLcSTCL aCourthope, W.J. aHistory of english poetry bMacmillanc1904 aEnglish20220125170842.0